000 00590nam a2200229Ia 4500
003 OSt
005 20221005120509.0
006 a|||||r|||| 00| 0
007 ta
008 221004b |||||||| |||| 00| 0 mal d
024 _a59584
037 _cTextual
040 _aCRL
_cCRL
_bmal
041 _2mal
_amal
082 _aO13,2C502,2, 33L4
100 _aK.V. Raghavachar
_9629248
245 0 _aElectra and philoctetes
260 _c1974
650 _aGREEK LITERATURE
942 _hO13,2C502,2, 33L4
_cTEXL
_2cc
999 _c1038264
_d1038264